000 00240nam a2200097Ia 4500
082 _aETF PERE
245 0 _aGuantanamo boy
100 _a Perera, Anna London, 2009
_976187
942 _cBK
008 210817s9999 xx 000 0 und d
999 _c252913
_d252912